• 首页
  • 本馆介绍
  • 公告通知
  • 最新文献
  • 馆藏检索
  • 电子资源
  • 读者导购
  • 参考咨询
  • 我的图书馆
  • 登录
  • 详细信息显示
  • 放入我的书架
  • 预约/预借图书
  • 作者相关作品
  • 分类相关作品
  • 丛书相关作品
  • 出版社相关作品

书目信息

  • 表格格式
  • 工作单格式
  • 卡片格式
题名:
李慧娘
    
 
作者: 孟超 编剧 ;陆放谱 曲
分册:  
出版信息: 上海   上海文艺出版社  1962
页数: 128页
开本: 20cm
丛书名:
单 册:
中图分类: J644
科图分类:
主题词: 音乐--作品--中国
电子资源:
ISBN:
000 00625nam0 2200229 450
001 0633162890
005 20060919091459.21
010    @dCNY0.43
100    @a20060919d1962 km y0chiy0120 ea
101 0  @achi
102    @aCN@b310000
102    @aCN@b310000
200 1  @a李慧娘@Ali hui niang@f孟超编剧@Fmeng chao bian ju@g陆放谱曲@Glu fang pu qu
210    @a上海@c上海文艺出版社@d1962
215    @a128页@d20cm
300    @a昆剧 附全部曲谱
606 0  @a音乐@x作品@x中国
690    @aJ644@v3
701  0 @a孟超@Ameng chao@4编剧
702  0 @a陆放谱@Alu fang pu@4曲
801  0 @aCN@bPFT@c20060919
905    @a10447@dJ644@e200
    
    李慧娘/孟超编剧/陆放谱曲.-上海:上海文艺出版社,1962
    128页;20cm
    昆剧 附全部曲谱
    
    ISBN :CNY0.43
    
●
相关链接 在E读中查询图书 在五车中查询图书 在当当中查询图书 在豆瓣中查询图书


正题名:李慧娘     索取号:J644/200         预约/预借

序号 登录号 条形码 馆藏地/架位号 状态 备注
1 0472473   204724735   密集书库/ [索取号:J644/200] 在馆    
唐山师范学院图书馆 欢迎您!
大连网信软件有限公司© 版权所有